Responses for Show #6049 - Thursday, December 23, 2010

Tom Nissley game 8.

Contestants

[<< previous game]

Samantha Barry, an account manager from Los Angeles, California

Corey York, an accountant from East Peoria, Illinois

Tom Nissley, an online books editor from Seattle, Washington (whose 7-day cash winnings total $211,004)

[next game >>]

Jeopardy! Round responses

THE 1880s
TV TITLE PLACES
GILT BY ASSOCIATION
I'LL SEE YOU IN COURT!
I'M GAME
THE "EL" WORD
    $200 1
Pearl Harbor

Corey
    $200 2
Los Angeles

Samantha
    $200 6
Westminster Abbey

Corey
    $200 26
(Tom: What is the Statue of Liberty?)

the Empire State building

TomSamantha
    $200 17
18

Corey
    $200 11
elbow

Tom
    $400 22
(Corey: What is cattle?)

horses

Corey
Triple Stumper
    $400 3
Miami

Samantha
    $400 7
the Nile

Tom
    $400 27
NASCAR

Tom
    $400 18
Clue

Samantha
    $400 12
elastic

Tom
    $600 23
Grover Cleveland

Tom
    $600 4
Cleveland

Samantha
    $600 8
Washington Crossing the Delaware

Triple Stumper
    $600 28
Jell-O

Corey
    $600 19
cribbage

Samantha
    $600 13
the elect

Tom
    $3,200 24
Nellie Bly

Tom
    $800 5
Chicago

Corey
    $800 9
Saint Peter's Basilica

Triple Stumper
    $800 29
Home Depot

Tom
    $800 20
2, 3 and 12

Corey
    $800 14
to elucidate

Samantha
    $1000 25
Katharine Lee Bates

Triple Stumper
    $1000 16
Memphis

Samantha
    $1000 10
Prince Albert

Samantha
    $1000 30
(Samantha: What is New Mexico?)
(Corey: What is Arizona?)
(Tom: What is Texas?)

Colorado

TomCoreySamantha
Triple Stumper
    $1000 21
Dungeons and Dragons

Tom
    $1000 15
elephantine

Triple Stumper

Scores at the first commercial break (after clue 15):

Tom Corey Samantha
$1,600 $1,200 $3,000

Scores at the end of the Jeopardy! Round:

Tom Corey Samantha
$6,400 $1,400 $4,200

Double Jeopardy! Round responses

AMERICAN COMPOSERS
ACTOR BY ROLES
U.S. BAYS
QUASI-RELATED PAIRS
GET "L"IT
WHO'S BUYING?
    $400 9
Porgy and Bess

Tom
    $400 8
Harrison Ford

Corey
    $400 26
Honolulu

Corey
    $400 18
chip and Dale

Triple Stumper
    $400 1
Love Story

Tom
    $400 6
General Electric

Samantha
    $800 10
(Samantha: Who is Tommy Dorsey?)
(Corey: Who is Benny Goodman?)

Duke Ellington

CoreySamantha
Triple Stumper
    $800 14
Sigourney Weaver

Samantha
    $800 27
Everglades

Samantha
    $800 19
fox and hound

Corey
    $800 2
Look Homeward, Angel

Corey
    $800 7
News Corp.

Triple Stumper
    $4,000 11
Scott Joplin

Tom
    $1200 15
John Travolta

Tom
    $1200 28
San Diego

Samantha
    $1200 20
bangers and mash

Triple Stumper
    $1200 3
The Last Tycoon

Tom
    $1200 23
Google

Tom
    $1600 12
(Tom: Who is Richard Rodgers?)

Jerome Kern

Tom
Triple Stumper
    $1600 16
Jeremy Irons

Tom
    $2,000 29
(Samantha: What is Christmas?)

Easter

Samantha
    $1600 21
bacon and eggs

Samantha
    $1600 4
The Lottery

Tom
    $1600 24
Dow

Triple Stumper
    $2000 13
(W.C.) Handy

Tom
    $2000 17
Brad Pitt

Samantha
    $2000 30
Lake of the Woods

Triple Stumper
    $2000 22
mad dogs and Englishmen

Samantha
    $2000 5
Long Day's Journey into Night

Tom
    $2000 25
Wells Fargo

Samantha

Scores at the end of the Double Jeopardy! Round:

Tom Corey Samantha
$20,400 $3,000 $12,200

[wagering suggestions for these scores]

Final Jeopardy! Round responses

SPORTS
CoreyWhat is cricket?
$2,999
SamanthaWhat is baseball?
$8,201
TomWhat is baseball?
$4,001
baseball

Final scores:

Tom Corey Samantha
$24,401 $1 $20,401
8-day champion: $235,405 3rd place: $1,000 2nd place: $2,000

Game dynamics:

Coryat scores:

Tom Corey Samantha
$15,200 $3,000 $14,200
19 R
(including 2 DDs),
3 W
10 R,
3 W
17 R,
3 W
(including 1 DD)

Combined Coryat: $32,400

[game clues] [game scores] [suggest correction]

Game tape date: 2010-09-21
The J! Archive is created by fans, for fans. Scraping, republication, monetization, and malicious use prohibited; this site may use cookies and collect identifying information. See terms. The Jeopardy! game show and all elements thereof, including but not limited to copyright and trademark thereto, are the property of Jeopardy Productions, Inc. and are protected under law. This website is not affiliated with, sponsored by, or operated by Jeopardy Productions, Inc. Join the discussion at JBoard.tv.